000 00694nam a2200241Ia 4500
003 OSt
005 20220918202351.0
006 a|||||r|||| 00| 0
007 ta
008 220917b |||||||| |||| 00| 0 eng d
024 _a100,686
037 _cTextual
040 _aARTS
_cARTS
_beng
041 _2eng
_aeng
082 _aV2314:71.M75r, L1
245 0 _aFirst seasons operations in the Belgam and Kaladgi district
_b Journey to May 1875
260 _aVaranasi
_bI B S
_c1971
300 _aviii,45p. plates
_ccm.
490 _aArchaeological survey of western India
650 _aHISTORY
942 _hV2314:71.M75r, L1
_cTEXL
_2CC
999 _c224214
_d224214